| 000 | 00701nam a22002177a 4500 | ||
|---|---|---|---|
| 999 |
_c159326 _d159326 |
||
| 005 | 20181214121733.0 | ||
| 006 | a|||||f|||| 00| 0 | ||
| 007 | tc | ||
| 008 | 180720b xxu||||| |||| 00| 0 eng d | ||
| 010 | _aB-089878-B-089895 | ||
| 020 | _c187.00(Per set) | ||
| 035 | _aB-089878 | ||
| 037 | _bA.I.C.B. | ||
| 082 | _a485 | ||
| 245 | _aCurrent English Grammer | ||
| 260 |
_aDelhi _bA.C.I.B. _cN.D. |
||
| 270 |
_aSector-5, Rohini, _bNew Delhi _e110085 |
||
| 300 |
_a9V.,various pages. _c30cm(HB). |
||
| 942 |
_2ddc _cBRLEN _h485 _mCUR |
||